00538nam a22001697a 450000500170000001000130001702000110003003500130004103700140005408200080006810000240007624500620010024600690016226000460023127000700027730000210034720191216113344.0 aA-941657 c400.00 aA-941657 bBPPD/Pub. a808 aوھاب اشرفی aتاریخے ادبیات عالم /cوھاب اشرفی aTareekh-E-Adabyat Alam vol. III (Urdu) /bby Prof. Wahab Ashrafi aDelhibEducational Publishing Housec1998 a3108, Gali Azizuddin Vakil, Kucha Pandit, Lal KuanbDelhie110006 a384 صc21cm(Hb)